00452nam a2200109Ia 4500008004100000050002500041100002300066245013500089260008600224300002000310521001200330140724s9999 xx 000 0 und d aLB 1060b.Al321 2011 aAlarcon, Mariecel. 4aThe multiple intelligences of the 4th year Nursing Students of SISC in relation to their academic performance /cMariecel Alarcon. aLas Piñas, Philippines :bSouthville International School and Colleges,cc2011. a48 p. :c28 cm. aNursing